000 00831cam a2200205 4500
001 WB3901-04
008 030107n2003 000 0 eng u
035 _a(Sirsi) u120934
245 _aConcessions won by Irish builders
260 _c2003
490 _aPlanning (for the Natural and Built Environment)
_v(1500) 3 January 2003, 4(1)
520 _aThe scheme that requires builders in the Republic of Ireland to provide 20% social and affordable housing on new private estates has been modified in favour of the construction industry. Irish builders will now be able to provide social housing on other sites or swap land with local councils.
590 _aWB
650 _aEIRE
650 _aCONSTRUCTION INDUSTRY
650 _aSOCIAL HOUSING
650 _aPRIVATE ESTATES
690 _aBUILT ENVIRONMENT
942 _n0
999 _c71887
_d71887